000 00283pam a2200121 a 4500
020 _c
041 _h
082 _a708
_bPAL
245 _aSolo II Prajakta Palav Aher
_hTextual Documents
260 _a[s.l]:
_bVadhera Art Gallery,
_c2009.
300 _a100:
_bpaper.
930 _a7085
999 _c240875
_d240875